| 000 | 00000nam##2200000za#4500 |
| 001 | 9.574202 |
| 003 | CaOODSP |
| 005 | 20210624184053 |
| 007 | cr ||||||||||| |
| 008 | 150406|2006||||xxc|||||o f|0| 0 eng|d |
| 022 | |a1488-5379 |
| 040 | |aCaOODSP|beng |
| 043 | |an-cn--- |
| 086 | 1 |aFs97-6/2629E-PDF |
| 110 | 1 |aCanada. |bDepartment of Fisheries and Oceans. |
| 245 | 10|aPlankton monitoring in the Western Isles Region of the Bay of Fundy during 1999-2000 / |h[electronic resource]|cby J. L. Martin, M. M. LeGresley and P. M. Strain. |
| 260 | |aSt. Andrews - New Brunswick : |bFisheries and Oceans Canada |c2006. |
| 300 | |a96p.|bgraphs, maps, references, tables |
| 490 | 1 |aCanadian technical report of fisheries and aquatic sciences|x1488-5379|v2629 |
| 500 | |aThe catalogue number (Fs97-6/2629E) and ISSN (0706-6457) for the print edition have been incorrectly copied in this electronic publication. |
| 546 | |a(Résumé en français) |
| 590 | |a12-26-Supp|b2012-06-07 |
| 720 | 1 |aMartin, J. L. |
| 720 | 1 |aLeGresley, M. M. |
| 720 | 1 |aStrain, P. M. |
| 776 | 0#|tPlankton monitoring in the Western Isles Region of the Bay of Fundy during 1999-2000 / |w(CaOODSP)9.617808 |
| 830 | #0|aCanadian technical report of fisheries and aquatic sciences,|x1488-5379|v2629|w(CaOODSP)9.504449 |
| 856 | 40|ahttp://publications.gc.ca|qPDF|s1.47 MB|uhttps://publications.gc.ca/collections/collection_2012/mpo-dfo/Fs97-6-2629-eng.pdf|y2629 |